Every SNL Cast Member - Statistics

General Stats
  • This quiz has been taken 1,625 times
  • The average score is 65 of 151
Answer Stats
Years Cast Member % Correct
2000-2006 Tina Fey
90%
2003-Present Kenan Thompson
88%
1995-2002 Will Ferrell
87%
2001-2008 Amy Poehler
86%
2001-2014 Seth Meyers
86%
1991-1995 Adam Sandler
85%
1975-1979 Dan Aykroyd
85%
1998-2004 Jimmy Fallon
83%
1975-1976 Chevy Chase
82%
1980-1984 Eddie Murphy
82%
1975-1979 John Belushi
81%
2005-2012 Kristen Wiig
81%
2014-Present Michael Che
80%
1990-1995 Chris Farley
79%
1975-1980 Gilda Radner
79%
1983-1985 Jim Belushi
78%
2012-Present Kate McKinnon
77%
1990-1996 David Spade
76%
2005-2013 Bill Hader
75%
1977-1980 Bill Murray
75%
2014-Present Colin Jost
75%
1990-1993 Chris Rock
74%
2000-2007 Maya Rudolph
74%
1991-1992 Siobhan Fallon
74%
1986-1993 Dana Carvey
72%
1975-1980 Jane Curtin
70%
2014-Present Leslie Jones
70%
2012-Present Aidy Bryant
68%
2005-2012 Andy Samberg
68%
2012-Present Cecily Strong
68%
2002-2013 Fred Armisen
68%
1980-1982 Brian Doyle-Murray
67%
1993-1998 Norm MacDonald
67%
2014-Present Pete Davidson
67%
1999-2006 Rachel Dratch
67%
1989-1995 Mike Meyers
66%
1995-2000 Cheri Oteri
62%
1995-2001 Molly Shannon
61%
1986-1994 Phil Hartman
61%
1990-1994 Rob Schneider
61%
2005-2013 Jason Sudeikis
59%
1991-2000 Tim Meadows
59%
1975-1980 Garrett Morris
58%
1982-1985 Julia Louis-Dreyfus
58%
1996-2003 Chris Kattan
57%
1985-1986 Robert Downey Jr.
57%
1975-1980 Laraine Newman
56%
2010-2017 Vanessa Bayer
56%
1996-2002 Ana Gasteyer
55%
2013-Present Beck Bennett
55%
2008-2017 Bobby Moynihan
54%
2016-Present Mikey Day
54%
1995-2009 Darrell Hammond
53%
1998-2006 Horatio Sanz
53%
2013-Present Kyle Mooney
53%
1986-1992 Victoria Jackson
53%
1986-1995 Kevin Nealon
52%
1984-1985 Martin Short
52%
1980 Peter Aykroyd
52%
2002-2010 Will Forte
52%
1996-2003 Tracy Morgan
51%
1977-1980, 1986, 1988-1995 Al Franken
50%
1980 Jim Downey
50%
1985-1990 Jon Lovitz
50%
2010-2016 Jay Pharoah
49%
2008-2012 Abby Elliott
48%
1998-2006 Chris Parnell
48%
1996-2000 Colin Quinn
48%
1985-1991 Dennis Miller
47%
2009-2014 Nasim Pedrad
47%
2017-Present Heidi Gardner
46%
2010-2016 Taran Killam
46%
1985-1986 Anthony Michael Hall
44%
1984-1985 Billy Crystal
44%
2016-Present Melissa Villaseñor
44%
1980-1984 Joe Piscopo
42%
1993-1994 Sarah Silverman
42%
1982-1984 Brad Hall
41%
1984-1985 Rich Hall
41%
1986-1991 Jan Hooks
39%
2017-Present Chris Redd
38%
1989 Ben Stiller
36%
2016-Present Alex Moffat
35%
2018-Present Ego Nwodim
35%
1990-1994 Julia Sweeney
34%
1977-1980 Tom Davis
34%
1986-1991 A. Whitney Brown
33%
1991-1995 Ellen Cleghorne
33%
2014-2017 Sasheer Zamata
33%
1985-1986 Terry Sweeney
32%
2009-2010 Jenny Slate
31%
2008-2009 Casey Wilson
29%
1980-1981 Gilbert Gottfried
29%
1993-1995 Jay Mohr
29%
1995-1998 Jim Breuer
29%
1980-1981 Charles Rocket
28%
1984-1985 Christopher Guest
28%
1985-1990 Nora Dunn
28%
1985-1986 Damon Wayans
26%
2004-2005 Rob Riggle
26%
1985-1986 Joan Cusack
24%
1995-1996 Nancy Walls
23%
1985-1986 Randy Quaid
23%
2012-2013 Tim Robinson
23%
1994-1995 Chris Elliott
22%
1995-1996 David Koechner
22%
2003-2006 Finesse Mitchell
22%
1979-1980, 1984-1985 Harry Shearer
22%
1994-1995 Janeane Garofalo
22%
1981-1985 Mary Gross
22%
1994-1995 Michael McKean
22%
2013-2014 Mike O'Brien
22%
1991-1994 Melanie Hutsell
21%
1991-1993 Robert Smigel
21%
1995-1997 Mark McKinney
20%
1985-1986 Danitra Vance
19%
1975 George Coe
19%
1981 Laurie Metcalf
19%
1995 Morwenna Banks
19%
2010-2012 Paul Brittain
19%
1979-1980 Paul Shaffer
19%
1981-1984 Robin Duke
19%
1981-1984 Tim Kazurinsky
18%
1981-1982 Christine Ebersole
17%
2001-2004 Jeff Richards
17%
2013-2014 Noël Wells
17%
2013-2014 Brooks Wheelan
16%
2017-2018 Luke Null
16%
1975 Michael O'Donoghue
16%
1980-1981 Denny Dillon
15%
1979-1980, 1985-1986 Don Novello
15%
2000-2001 Jerry Minor
15%
2008-2009 Michaela Watkins
15%
1981-1982 Tony Rosato
15%
1980 Alan Zweibel
14%
2001-2003 Dean Edwards
14%
1991-1992 Beth Cahill
13%
1996 Fred Wolf
13%
1982-1985 Gary Kroeger
13%
1994-1995 Laura Kightlinger
12%
2013-2014 John Milhiser
11%
2015-2016 Jon Rudnitsky
11%
1980 Tom Schiller
11%
1981 Emily Prager
10%
1980-1981 Gail Matthius
10%
1984-1985 Pamela Stephenson
10%
1980-1981 Yvonne Hudson
10%
1980-1981 Ann Risley
8%
1985-1986 Dan Vitale
8%
1980-1981 Matthew Laurance
8%
1980-1981 Patrick Weathers
8%
No matching quizzes found
Score Distribution
Percent of People with Each Score
Percentile by Number Answered
Your Score History
You have not taken this quiz